Medieval Islamic swords and swordmaking : Kindi's treatise "On swords and their kinds" /

Bibliographic Details
Main Author: Hoyland, Robert G., 1966-
Other Authors: Gilmour, Brian J. J., Kindī, -approximately 873, Schwarzlose, Friedrich Wilhelm
Format: Book
Language:English
Arabic
Language Notes:Parallel text of Kindi's treatise in English and Arabic; commentary and critical matter in English.
Published: [Cambridge] : Gibb Memorial Trust, [2006]
Subjects:

MARC

Tag First Indicator Second Indicator Subfields
LEADER 00000cam a2200000 a 4500
001 in00002204721
005 20151104123523.0
008 040405s2006 enk 000 0 eng
015 |a GBA4X7320  |2 bnb 
016 7 |a 012873774  |2 Uk 
020 |a 0906094526 (hbk.) 
024 3 |a 9780906094525 
029 1 |a NLGGC  |b 263576310 
029 1 |a YDXCP  |b 100351427 
035 |a (OCoLC)ocm56461852 
035 |a (OCoLC)56461852 
040 |a UKM  |c UKM  |d BAKER  |d BWKUK  |d TJC  |d YDXCP  |d UtOrBLW 
041 1 |a eng  |a ara  |h ara  |h ger 
042 |a ukscp 
049 |a TXAM 
050 4 |a U856.I742  |b H69 2006 
082 0 4 |a 623.441091767  |2 22 
100 1 |a Hoyland, Robert G.,  |d 1966- 
245 1 0 |a Medieval Islamic swords and swordmaking :  |b Kindi's treatise "On swords and their kinds" /  |c by Robert G. Hoyland and Brian Gilmour ; with an introduction by James Allan. 
264 1 |a [Cambridge] :  |b Gibb Memorial Trust,  |c [2006] 
264 4 |c ©2006 
300 |a vii, 216 pages :  |b illustrations ;  |c 25 cm. 
336 |a text  |b txt  |2 rdacontent 
337 |a unmediated  |b n  |2 rdamedia 
338 |a volume  |b nc  |2 rdacarrier 
500 |a Includes a translation into English of F.W. Schwarzlose's Die Waffen der alten Araber aus ihren Dichtern dargestellt (Leipzig, 1886). 
504 |a Includes bibliographical references (pages [208]-212) and index. 
546 |a Parallel text of Kindi's treatise in English and Arabic; commentary and critical matter in English. 
600 0 0 |a Kindī,  |d -approximately 873.  |t Risālah fī jawāhir al-suyūf.  |l English. 
650 0 |a Islamic swords  |x History. 
650 0 |a Swords  |z Islamic Empire  |v Early works to 1800. 
650 0 |a Arabic poetry  |x History and criticism. 
650 0 |a Swords in literature. 
700 1 |a Gilmour, Brian J. J. 
700 0 2 |a Kindī,  |d -approximately 873.  |t Risālah fī jawāhir al-suyūf.  |l English. 
700 1 2 |a Schwarzlose, Friedrich Wilhelm.  |t Waffen der alten Araber aus ihren Dichtern dargestellt.  |l English. 
938 |a Baker & Taylor  |b BKTY  |c 55.00  |d 55.00  |i 0906094526  |n 0004446577  |s active 
938 |a YBP Library Services  |b YANK  |n 100351427 
945 |a PromptCat  |b 43959 
946 |a stk 
947 |a A14835506347 
948 |a cataloged  |b h  |c 2007/1/24  |d c  |e achopde  |f 10:12:07 am 
994 |a 92  |b TXA 
999 |a MARS 
999 f f |s a8707d57-122e-3d38-8710-4bd813ae598b  |i 00d2828c-6b36-3277-844a-0a5dd9205eab  |t 0 
952 f f |p normal  |a Texas A&M University  |b College Station  |c Sterling C. Evans Library  |d Evans: Library Stacks  |t 0  |e U856.I742 H69 2006  |h Library of Congress classification  |i unmediated -- volume  |m A14835506347 
998 f f |a U856.I742 H69 2006  |t 0  |l Evans: Library Stacks